Riga - Choix Multiples - Statistiques

Statistiques générales
  • Ce quiz a été pris 1 818 fois
    1 790 depuis la dernière actualisation
  • Le résultat moyen est 6 sur 10
Statistiques - réponses
Question Réponse % Correct
De quel pays Riga est-elle la capitale ? La Lettonie
88%
Quel nom, homonyme d'un film paru en 1995, est donné au complexe d'habitation le plus ancien de la ville ? Les Trois Frères
80%
Quelle langue est encore parlée par plus d'un tiers de la population rigoise ? Russe
75%
Au bord de quel fleuve Riga se situe-t-elle ? La Daugava
66%
Lequel de ces pays n'a jamais conquis la ville de Riga ? La France
62%
Dans quelle discipline Mikhaïl Tal, surnommé "Le magicien de Riga" a-t-il été champion du monde ? Les échecs
49%
Quels engins devenus désuets trouvait-on dans les hangars qui sont devenus les pavillons du Marché central de Riga en 1930 ? Des ballons dirigeables
46%
De quelle puissante ligue médiévale Riga était-elle un port important ? Hanse
45%
Laquelle de ces statues est "Milda", la figure allégorique nationale qui a donné son surnom au Monument de la Liberté de Riga ?
38%
De quel style architectural, dont voici une image, Riga connaît-elle la plus grande concentration en Europe ?

L'Art nouveau
36%
Aucun quiz correspondant
Distribution des résultats
% des personnes avec chaque résultat
Percentile par nombre de réponses
Votre historique - résultats
Vous n’avez pas pris ce quiz depuis la dernière actualisation